[Event "Jonsson Mem Open"]
[Site "Reykjavik ISL"]
[Date "2001.10.23"]
[Round "1"]
[White "Bjarnason,S"]
[Black "Nielsen,PH"]
[Result "0-1"]
[WhiteElo "2289"]
[BlackElo "2620"]

1.c4 Nf6 2.Nf3 c5 3.g3 d5 4.cxd5 Nxd5 5.Bg2 g6 6.d4 Bg7 7.dxc5 O-O 8.O-O Na6
9.c6 bxc6 10.Nbd2 Rb8 11.Nc4 Be6 12.Nd4 Qc8 13.Nxe6 Qxe6 14.Qc2 Rfd8 15.a3 Nc5
16.Na5 Rb5 17.Bd2 Qxe2 18.Nxc6 Ne3 19.Bxe3 Qxc2 20.Rac1 Qxb2 21.Bxc5 Rd2
22.Nxe7+ Kh8 23.Bxa7 Bd4 24.Rc8+ Kg7 25.Bxd4+ Qxd4 26.Rg8+ Kf6 27.Nc6 Qc5
28.Nb4 Ra5 29.Re8 Rxa3 30.Re4 Kg7 31.Rf4 Rb3 32.Nc6 Rb6  0-1

[Event "Jonsson Mem Open"]
[Site "Reykjavik ISL"]
[Date "2001.10.24"]
[Round "2"]
[White "Nielsen,PH"]
[Black "Thorhallsson,T"]
[Result "1-0"]
[WhiteElo "2620"]
[BlackElo "2442"]

1.c4 e6 2.Nc3 d5 3.d4 Nf6 4.Nf3 c6 5.Bg5 h6 6.Bh4 dxc4 7.e4 g5 8.Bg3 b5 9.Be2 b4
10.Na4 Nxe4 11.Be5 Nf6 12.Nc5 Rg8 13.Qc2 Nbd7 14.Nxd7 Bxd7 15.O-O Nd5 16.Nd2 f6
17.Bg3 Kf7 18.Qh7+ Rg7 19.Bh5+ Ke7 20.Qxh6 Be8 21.Rfe1 Bxh5 22.Qxh5 Nf4 23.Bxf4 gxf4
24.Qc5+ Kf7 25.Qxc4 Qd5 26.Qxd5 cxd5 27.Rac1 Bd6 28.Rc6 Rd8 29.Ra6 Rd7 30.Rc1 Rg8
31.Rcc6 Rgd8 32.Nb3 Kg6 33.Kf1 Kf5 34.f3 Kg5 35.Ke2 Kf5 36.Kd3 e5 37.Nc5 e4+
38.Ke2 Rg7 39.Rxd6 Rxd6 40.Rxd6 Rxg2+ 41.Kf1 exf3 42.Rxd5+ Kg6 43.Nd3 Rd2
44.Nxf4+ Kh6 45.Rh5+ Kg7 46.d5 a5 47.b3 a4 48.bxa4 Rxa2 49.d6 b3 50.Rb5 Rd2
51.Rxb3 Rxd6 52.Ra3  1-0

[Event "Jonsson Mem Open"]
[Site "Reykjavik ISL"]
[Date "2001.10.28"]
[Round "5"]
[White "Stefansson,H"]
[Black "Nielsen,PH"]
[Result "1/2-1/2"]
[WhiteElo "2575"]
[BlackElo "2620"]

1.e4 c5 2.Nf3 d6 3.d4 cxd4 4.Nxd4 Nf6 5.Nc3 a6 6.Be2 e6 7.O-O Be7 8.f4 O-O
9.a4 Nc6 10.Be3 Qc7 11.Kh1 Re8 12.Bf3 Bd7 13.Nb3 b6 14.g4 Bc8 15.g5 Nd7 16.Bg2 Bf8
17.Qh5 g6 18.Qh3 Nb4 19.Rf2 Nc5 20.Rd1 Rb8 21.Qg3 Nxc2 22.Rxc2 Nxb3 23.Qf2 Qe7
24.Bxb6 Bb7 25.Nb5 axb5 26.Rc7 bxa4 27.Rxe7 Bxe7 28.h4 Rec8 29.f5 Nc5 30.Ba7 Ra8
31.Bxc5 Rxc5 32.fxe6 fxe6 33.Rf1 Rf8 34.Qd4 Rxf1+ 35.Bxf1 Bc6 36.Bc4 Re5
37.Bd3 Kf7 38.Kg2  1/2-1/2

[Event "Anibal Open"]
[Site "Linares ESP"]
[Date "2002.03.02"]
[Round "2"]
[White "Perez,Rod"]
[Black "Nielsen,PH"]
[Result "0-1"]
[WhiteElo "2429"]
[BlackElo "2642"]

1.c4 Nf6 2.g3 c6 3.b3 d5 4.Bb2 Bg4 5.Bg2 Nbd7 6.h3 Bh5 7.cxd5 cxd5 8.Nf3 e6
9.O-O Bd6 10.Nc3 O-O 11.d3 Qa5 12.Qd2 Rfc8 13.Rfc1 a6 14.Ne4 Bb4 15.Nxf6+ Nxf6
16.Qg5 h6 17.Qh4 Bc3 18.b4 Bxb4 19.Rxc8+ Rxc8 20.Bxf6 Bxf3 21.Bxf3 gxf6 22.Rb1 Bf8
23.Qxf6 b5 24.Bh5 Qc7 25.Qf3 Bg7 26.Rb4 f5 27.Kg2 Qc1 28.a4 Qd2 29.Rf4 Kh8
30.axb5 Qe1 31.Qe3 Rc1 32.Qxc1 Qxc1 33.bxa6 Qa3 34.d4 Qxa6 35.e3 Qd6 36.g4 fxg4
37.hxg4 e5 38.dxe5 Bxe5 39.Rf5 Bf6 40.Kf3 Kg7 41.Kg2 Qe6 42.Kg1 Kf8 43.Rf4 Ke7
44.Bg6 Be5 45.Bf5 Qb6 46.Rf3 Kd6 47.Rh3 Kc5 48.Kg2 Qc6  0-1

[Event "Anibal Open"]
[Site "Linares ESP"]
[Date "2002.03.05"]
[Round "5"]
[White "Dominguez,L"]
[Black "Nielsen,PH"]
[Result "1-0"]
[WhiteElo "2594"]
[BlackElo "2642"]

1.e4 c5 2.Nf3 d6 3.d4 cxd4 4.Nxd4 Nf6 5.Nc3 a6 6.Be3 e6 7.g4 e5 8.Nf5 g6
9.g5 gxf5 10.exf5 d5 11.Qf3 d4 12.O-O-O Nbd7 13.Bd2 Qa5 14.gxf6 dxc3 15.Bxc3 Bb4
16.Rd5 Bxc3 17.Rxa5 Bxa5 18.Qd5 Bd8 19.Bc4 Rf8 20.Rg1 Bxf6 21.Rg8 Rxg8 22.Qxf7+ Kd8
23.Qxg8+ Kc7 24.Be6 Rb8 25.Qxh7 b5 26.h4 Rb6 27.h5 Bg5+ 28.Kb1 Rd6 29.a3 Bb7
30.Qg6 Bf4 31.h6 Be4 32.Qg4 Rd2 33.h7 Rxc2 34.Qxf4 exf4 35.h8=Q Nc5 36.Qe5+ Kd8
37.Qf6+ Kc7 38.Qe7+ Kc6 39.Qe8+ Kd6 40.Ka2 Rc1 41.a4 b4 42.Qb8+ Kc6 43.Qxb4 Bb1+
44.Ka3 Bxf5 45.Ba2 Ra1 46.Qxf4 Be6 47.b3 a5 48.Qd4 Rf1 49.b4 axb4+ 50.Kxb4 Na6+
51.Ka5  1-0

[Event "Anibal Open"]
[Site "Linares ESP"]
[Date "2002.03.06"]
[Round "6"]
[White "Nielsen,PH"]
[Black "Kritz,L"]
[Result "1-0"]
[WhiteElo "2642"]
[BlackElo "2453"]

1.d4 Nf6 2.c4 e6 3.Nf3 d5 4.g3 dxc4 5.Bg2 a6 6.O-O Nc6 7.e3 Bd7 8.Nc3 Bd6
9.e4 Be7 10.Ne5 b5 11.Nxf7 Kxf7 12.e5 Re8 13.exf6 Bxf6 14.a4 Rb8 15.axb5 axb5
16.Ne4 Kg8 17.Be3 Nb4 18.Qh5 Bc6 19.Ra7 Nd5 20.Bg5 Qd7 21.Bxf6 Nxf6 22.Nxf6+ gxf6
23.Qg4+ Kf7 24.Qf4 Rec8 25.d5 Bxd5 26.Rd1 Ra8 27.Rxa8 Rxa8 28.Qh6 Kg8 29.Bxd5 exd5
30.Qxf6 Ra6  1-0

[Event "Anibal Open"]
[Site "Linares ESP"]
[Date "2002.03.08"]
[Round "8"]
[White "Nielsen,PH"]
[Black "Radulski,J"]
[Result "0-1"]
[WhiteElo "2642"]
[BlackElo "2499"]

1.d4 d5 2.c4 e6 3.Nf3 Nf6 4.Nc3 Nbd7 5.g3 c6 6.Bg2 Bd6 7.O-O O-O 8.Nd2 Be7
9.e4 dxc4 10.e5 Nd5 11.Nxc4 b5 12.Ne3 Qb6 13.Qg4 Kh8 14.Rd1 f5 15.exf6 N7xf6
16.Qe2 Bd7 17.Ne4 Rae8 18.Qc2 Nxe4 19.Bxe4 Nf6 20.b3 Rc8 21.Bb2 Be8 22.Bf3 Bg6
23.Qe2 Ne4 24.h4 Rxf3 25.Qxf3 Rf8 26.Qg2 Rxf2 27.Qxf2 Nxf2 28.Kxf2 Qb8 29.Rg1 Be4
30.Ke2 Bxh4 31.Raf1 Bg5 32.d5 Kg8 33.dxe6 Qd6 34.Rd1 Qxe6 35.Bd4 a5 36.Rd2 h5  0-1

[Event "Anibal Open"]
[Site "Linares ESP"]
[Date "2002.03.10"]
[Round "10"]
[White "Nielsen,PH"]
[Black "Saldano,H"]
[Result "1-0"]
[WhiteElo "2642"]
[BlackElo "2418"]

1.d4 d5 2.c4 c6 3.Nf3 Nf6 4.e3 a6 5.Bd3 Nbd7 6.O-O dxc4 7.Bxc4 e6 8.Qe2 b5
9.Bb3 Bb7 10.e4 c5 11.d5 c4 12.Bc2 Qc7 13.dxe6 fxe6 14.e5 Nd5 15.Ng5 Qxe5
16.Qd1 Bb4 17.a3 Ba5 18.a4 N5f6 19.Nc3 Bxc3 20.bxc3 O-O 21.Nxh7 Nxh7 22.Qxd7 Bd5
23.Ba3 Nf6 24.Qd6 Qxc3 25.Rac1 Rfd8 26.Qxd8+ Rxd8 27.Bh7+ Kxh7 28.Rxc3 Rb8
29.axb5 axb5 30.Bd6 Rb7 31.Rb1 Be4 32.Rb2 Nd5 33.Rxc4 bxc4 34.Rxb7 c3 35.Rb8 c2
36.Rc8 Nb6 37.Rc5 Bd3 38.Bf4 Nd5 39.Bd2 Kg6 40.f3 Kf6 41.Kf2 Ke5 42.Rc6 Kf6
43.h4 g6 44.g4 Ke7 45.Rc8 Kd7 46.Ra8 Nc3 47.Ra3 Nd1+ 48.Kg3 Bc4 49.h5 gxh5
50.gxh5 Ke7 51.h6  1-0

[Event "24th Politiken Cup"]
[Site "Copenhagen DEN"]
[Date "2002.07.16"]
[Round "2"]
[White "Romsdal,T"]
[Black "Nielsen,PH"]
[Result "0-1"]
[WhiteElo "2205"]
[BlackElo "2626"]

1.d4 Nf6 2.c4 c5 3.e3 g6 4.Nc3 Bg7 5.Nf3 O-O 6.Be2 cxd4 7.Nxd4 d5 8.O-O dxc4
9.Bxc4 Qc7 10.Qe2 a6 11.Bd2 b5 12.Bb3 Bb7 13.Rac1 Qb6 14.a4 e5 15.Nf3 b4
16.a5 Qxa5 17.Na4 Nbd7 18.Qe1 Bxf3 19.Bxb4 Qb5 20.gxf3 Rfb8 21.Bd1 e4 22.f4 Nd5
23.Bd6 Rc8 24.Qd2 Rxc1 25.Qxc1 N7b6 26.Nxb6 Nxb6 27.b3 Rc8 28.Qa3 Nd5 29.Qa4 Qb6
30.Be5 Bxe5 31.fxe5 Nc3 32.Qa3 Qd8 33.Qa1 a5 34.Kh1 Qd5 35.Bg4 Rc5 36.e6 f5
37.e7 Kf7 38.Rc1 Qxb3 39.Be2 Kxe7  0-1

[Event "24th Politiken Cup"]
[Site "Copenhagen DEN"]
[Date "2002.07.18"]
[Round "4"]
[White "Hoi,C"]
[Black "Nielsen,PH"]
[Result "1-0"]
[WhiteElo "2419"]
[BlackElo "2626"]

1.d4 Nf6 2.Nf3 g6 3.c4 Bg7 4.Nc3 d5 5.Bg5 dxc4 6.e4 c5 7.d5 b5 8.e5 b4 9.exf6 exf6
10.Qe2+ Kf8 11.Bd2 bxc3 12.Bxc3 Qxd5 13.Qxc4 Be6 14.Qxd5 Bxd5 15.O-O-O Bxa2
16.Bb5 Ke7 17.Rhe1+ Be6 18.Ng5 Rc8 19.Ne4 a6 20.Ba4 f5 21.Nd6 Bh6+ 22.Kc2 Rd8
23.Nb7 Rxd1 24.Kxd1 Nd7 25.b4 Nb6 26.Nxc5 Nxa4 27.Nxa4 Kd6 28.Kc2 Bd5 29.Nb6 Rb8
30.Be5+ Kc6 31.Nxd5 Rb5 32.Nc3 Rxb4 33.Rd1 Bf8 34.Ra1 Kb7 35.Rd1 Kc6 36.f3 Bc5
37.Ra1 Kb7 38.Rd1 Kc6 39.Rd8 h5 40.Rc8+  1-0

[Event "24th Politiken Cup"]
[Site "Copenhagen DEN"]
[Date "2002.07.21"]
[Round "7"]
[White "Nielsen,PH"]
[Black "Palo,D"]
[Result "1-0"]
[WhiteElo "2626"]
[BlackElo "2394"]

1.d4 Nf6 2.c4 e6 3.g3 d5 4.Nf3 dxc4 5.Bg2 Nc6 6.Qa4 Nd7 7.Qxc4 Nb6 8.Qd3 e5
9.Be3 Bb4+ 10.Nc3 exd4 11.Nxd4 Nxd4 12.Bxd4 O-O 13.O-O c5 14.Be3 Qxd3 15.exd3 Rd8
16.a4 Bxc3 17.bxc3 Nd5 18.Bxc5 Nxc3 19.Rfe1 h6 20.Bb4 Nd5 21.Bxd5 a5 22.Bd2 Rxd5
23.Re8+ Kh7 24.Rc1 Rxd3 25.Be1 Rd4 26.Rexc8 Rxc8 27.Rxc8 Rxa4 28.Rc5 b6 29.Rb5 Re4
30.Kf1 Re6 31.Bd2 Kg6 32.Be3 a4 33.Ke2 f6 34.Kd3 h5 35.h4 Rd6+ 36.Kc3 Rd1
37.Kb2 Rd3 38.Bxb6 Rb3+ 39.Rxb3 axb3 40.Kxb3 Kf5 41.f3 g5 42.Bc7  1-0

[Event "24th Politiken Cup"]
[Site "Copenhagen DEN"]
[Date "2002.07.25"]
[Round "10"]
[White "Tiviakov,S"]
[Black "Nielsen,PH"]
[Result "1-0"]
[WhiteElo "2628"]
[BlackElo "2626"]

1.e4 c5 2.Nf3 d6 3.d4 cxd4 4.Nxd4 Nf6 5.Nc3 a6 6.Be3 e6 7.Be2 Qc7 8.Qd2 b5
9.a3 Be7 10.O-O-O O-O 11.g4 Bb7 12.f3 Nc6 13.g5 Nxd4 14.Bxd4 Nd7 15.h4 Ne5
16.h5 f5 17.gxf6 Bxf6 18.f4 Nd7 19.h6 g6 20.Bg4 Rae8 21.Rhg1 e5 22.Bxd7 Qxd7
23.Bxe5 Bxe5 24.fxe5 Rxe5 25.Qxd6 Qxd6 26.Rxd6 Rh5 27.Rb6 Bc8 28.Nd5 Rxh6
29.Ne7+ Kg7 30.Nxc8 Rxc8 31.Rxa6 Rh5 32.Ra7+ Kf6 33.Rf1+ Ke5 34.Re7+ Kd6
35.Rb7 Kc6 36.Rg7 Kd6 37.c3 Re8 38.Rd1+ Ke5 39.Kc2 Kf6 40.Rdd7 Rh2+ 41.Kb3 Rxe4
42.Rdf7+ Ke5 43.Rb7 Ree2 44.Rbe7+ Kd6 45.Rxe2 Rxe2 46.Rxh7 g5 47.Rb7 Kc6
48.Rb8 Re4 49.Rg8 Rg4 50.Rf8 Kc5 51.Rf5+ Kc6 52.Rf2 Kc5 53.Rf5+ Kc6 54.Re5 Kb6
55.Ka2 Kc6 56.Re2 Kc5 57.Kb3 Kc6 58.Re8 Kc5 59.Rc8+ Kd5 60.Rb8 Kc5 61.Rc8+ Kd5
62.Ka2 Rc4 63.Rb8 Kc6 64.b4 Rg4 65.Kb3 Rg3 66.Rc8+ Kb6 67.a4 bxa4+ 68.Kxa4 Rf3
69.c4 Rf7 70.c5+  1-0

[Event "Eu Blitz Ch"]
[Site "Panormo GRE"]
[Date "2002.10.02"]
[Round "1"]
[White "Kouvatsos,F"]
[Black "Nielsen,PH"]
[Result "0-1"]
[WhiteElo "2028"]
[BlackElo "2620"]

1.d4 Nf6 2.c4 e6 3.Nf3 d5 4.Nc3 dxc4 5.e3 a6 6.Bxc4 b5 7.Bb3 Bb7 8.O-O Nbd7
9.Re1 c5 10.e4 cxd4 11.Nxd4 Qb8 12.Bg5 Bd6 13.h3 O-O 14.Qe2 Bh2+ 15.Kh1 Be5
16.Rad1 b4 17.Na4 Nxe4 18.Nxe6 fxe6 19.Bxe6+ Kh8 20.Rxd7 Nxf2+ 21.Kg1 Bh2+
22.Kf1 Nh1+ 23.Rf7 Rxf7+ 24.Bxf7 Ng3+ 25.Kf2 Nxe2 26.Rxe2 Qg3+ 27.Kf1 Qxg5  0-1

[Event "Eu Blitz Ch"]
[Site "Panormo GRE"]
[Date "2002.10.02"]
[Round "3"]
[White "Papatheodorou,T"]
[Black "Nielsen,PH"]
[Result "0-1"]
[WhiteElo "2258"]
[BlackElo "2620"]

1.e4 e5 2.d4 exd4 3.Qxd4 Nc6 4.Qe3 Nf6 5.Nc3 Bb4 6.Bd2 O-O 7.O-O-O Re8 8.Qg3 Rxe4
9.a3 Bd6 10.f4 Re8 11.Bd3 Bf8 12.Nf3 d5 13.Rhe1 Rxe1 14.Rxe1 d4 15.Ne4 Bf5
16.Nfg5 Nxe4 17.Nxe4 Be7 18.Qf3 Qd7 19.h3 Be6 20.Qh5 g6 21.Qh6 Qd5 22.Ng5 Bxg5
23.fxg5 Qa2 24.Kd1 Re8 25.h4 Bg4+ 26.Be2 Qb1+ 27.Bc1 d3 28.cxd3 Qxd3+ 29.Bd2 Rxe2  0-1

[Event "Eu Blitz Ch"]
[Site "Panormo GRE"]
[Date "2002.10.02"]
[Round "4"]
[White "Karjakin,Sergey"]
[Black "Nielsen,PH"]
[Result "0-1"]
[WhiteElo "2527"]
[BlackElo "2620"]

1.e4 e5 2.Nf3 Nc6 3.Bc4 Bc5 4.c3 Nf6 5.d4 exd4 6.O-O d3 7.b4 Bb6 8.a4 a6
9.Ba3 d6 10.e5 Nxe5 11.Nxe5 dxe5 12.b5 Be6 13.Bxe6 fxe6 14.Qb3 Kf7 15.Nd2 axb5
16.axb5 e4 17.Rae1 Qd5 18.c4 Qf5 19.c5 Ba5 20.Bb4 Bxb4 21.Qxb4 Rhd8 22.Nxe4 Nxe4
23.Rxe4 d2 24.Rd4 Rxd4 25.Qxd4 Qd5 26.Qf4+ Kg8 27.Rd1 Ra1 28.Qg4 Qe4 29.Qh5 Qe1+  0-1

[Event "Eu Blitz Ch"]
[Site "Panormo GRE"]
[Date "2002.10.02"]
[Round "4"]
[White "Nielsen,PH"]
[Black "Karjakin,Sergey"]
[Result "1-0"]
[WhiteElo "2620"]
[BlackElo "2527"]

1.d4 Nf6 2.Nf3 g6 3.c4 Bg7 4.Nc3 d5 5.cxd5 Nxd5 6.e4 Nxc3 7.bxc3 c5 8.Be3 Bg4
9.Rc1 cxd4 10.cxd4 O-O 11.Be2 Qa5+ 12.Qd2 Qxd2+ 13.Nxd2 Bxe2 14.Kxe2 Na6
15.Nb3 Rac8 16.a3 e6 17.Na5 b6 18.Nc6 Rc7 19.Bf4 Rd7 20.Rhd1 f5 21.e5 Nc7
22.Bd2 Nd5 23.g3 Re8 24.Nb4 Bf8 25.Nxd5 Rxd5 26.Bb4 Red8 27.Bxf8 Kxf8 28.Ke3 Ra5
29.Rd3 Rd7 30.Rc8+ Kf7 31.h4 Rb5 32.Rh8 Kg7 33.Re8 Kf7 34.Rc8 Rbd5 35.f3 b5
36.g4 h6 37.h5 fxg4 38.fxg4 g5 39.Rc2 Kg7 40.Rc5 Rxc5 41.dxc5 Rc7 42.Kd4 Rc6
43.Rf3 Ra6 44.Rb3 Ra4+ 45.Rb4 Rxa3 46.c6 Rg3 47.c7 a5 48.Rxb5 Rxg4+ 49.Kc5 Rg1
50.Kc6 Rc1+ 51.Rc5 Rxc5+ 52.Kxc5 g4 53.c8=Q g3 54.Qe8  1-0

[Event "Eu Blitz Ch"]
[Site "Panormo GRE"]
[Date "2002.10.02"]
[Round "5"]
[White "Nielsen,PH"]
[Black "Van Wely,L"]
[Result "1-0"]
[WhiteElo "2620"]
[BlackElo "2681"]

1.d4 Nf6 2.c4 e6 3.Nc3 Bb4 4.Qc2 c5 5.dxc5 O-O 6.a3 Bxc5 7.Nf3 b6 8.Bf4 Bb7
9.e3 Nh5 10.Bg3 Be7 11.Rd1 Nxg3 12.hxg3 h6 13.g4 d6 14.Ne4 d5 15.Nc3 Bf6
16.Rh5 Nd7 17.g5 g6 18.Rxh6 Bg7 19.Rh4 Rc8 20.Bd3 dxc4 21.Bxg6 fxg6 22.Qxg6 Bxf3
23.Qh7+ Kf7 24.Rf4+  1-0

[Event "Eu Blitz Ch"]
[Site "Panormo GRE"]
[Date "2002.10.02"]
[Round "8"]
[White "Volkov,S"]
[Black "Nielsen,PH"]
[Result "1/2-1/2"]
[WhiteElo "2642"]
[BlackElo "2620"]

1.d4 Nf6 2.c4 d6 3.Nc3 Nbd7 4.Nf3 e5 5.e4 Be7 6.Be2 c6 7.d5 Nc5 8.Nd2 a5
9.O-O O-O 10.b3 Bd7 11.Rb1 cxd5 12.cxd5 b5 13.Bxb5 Nfxe4 14.Ndxe4 Nxe4 15.Nxe4 Bxb5
16.Re1 f5 17.Nc3 Bd7 18.a4 Qc7 19.Bd2 Rab8 20.Qe2 Rfc8 21.Rec1 Qb7 22.h3 Bf6
23.Be1 e4 24.Qe3 Rc5 25.g4 Rbc8 26.gxf5 Bxf5 27.Nxe4 Bxe4 28.Rxc5 Re8 29.Rb5 Qf7
30.Rc1 h6 31.Rc4 Bxd5 32.Qd2 Bxc4 33.bxc4 Qxc4 34.Rxa5 Re2 35.Qb4 d5 36.Ra8+ Kh7
37.Qxc4 dxc4 38.Kf1 Ra2 39.a5 c3 40.Rc8 c2 41.Bd2 Bg5 42.Bxg5 hxg5 43.Kg2 Rxa5  1/2-1/2

[Event "Eu Blitz Ch"]
[Site "Panormo GRE"]
[Date "2002.10.02"]
[Round "8"]
[White "Nielsen,PH"]
[Black "Volkov,S"]
[Result "0-1"]
[WhiteElo "2620"]
[BlackElo "2642"]

1.c4 Nf6 2.Nc3 e5 3.Nf3 Nc6 4.a3 g6 5.g3 Nd4 6.Bg2 Nxf3+ 7.Bxf3 Bg7 8.O-O O-O
9.d3 Re8 10.Rb1 d6 11.b4 a6 12.a4 c6 13.b5 axb5 14.axb5 Bd7 15.Bd2 Qc7 16.Qb3 Reb8
17.Ra1 Be6 18.Ra7 Qb6 19.Be3 c5 20.Ra4 Rxa4 21.Qxa4 Nd7 22.Bd5 Qd8 23.Bxe6 fxe6
24.Ne4 Ra8 25.Qb3 Nf6 26.Bg5 h6 27.Nxf6+ Bxf6 28.Bxh6 g5 29.f4 exf4 30.gxf4 Bd4+
31.Kh1 gxf4 32.Bxf4 Qh4 33.e3 Bg7 34.Bg3 Qh3 35.Qd1 Ra1 36.Qxa1 Bxa1 37.Rxa1 Qf5
38.Bxd6 Qf3+ 39.Kg1 Qxe3+ 40.Kh1 Qf3+ 41.Kg1 Qg4+ 42.Kh1 Qd4 43.Ra8+ Kh7
44.Bg3 Qxd3 45.Kg2 Qxc4 46.b6 Qe4+ 47.Kh3 Qf5+ 48.Kg2 Qc2+ 49.Kh3 Qb1 50.Bc7 Qd3+
51.Kg2 c4 52.Rd8 Qe4+ 53.Kf2 c3 54.Rd7+ Kg6 55.Rd1 Qc2+ 56.Ke1 Qg2 57.Rc1 Qd2+  0-1

[Event "Eu Blitz Ch"]
[Site "Panormo GRE"]
[Date "2002.10.02"]
[Round "9"]
[White "Nielsen,PH"]
[Black "Roiz,M"]
[Result "1-0"]
[WhiteElo "2620"]
[BlackElo "2512"]

1.d4 e6 2.Nf3 c5 3.g3 Nf6 4.Bg2 Qc7 5.O-O cxd4 6.Nxd4 a6 7.e4 d6 8.c4 Qxc4
9.Nc3 Qc7 10.Be3 Be7 11.Rc1 Qd8 12.g4 h5 13.gxh5 Rxh5 14.f4 Nbd7 15.h3 Kf8
16.f5 e5 17.Ne6+ fxe6 18.fxe6 Rh7 19.exd7 Bxd7 20.Nd5 Kg8 21.Bb6 Qe8 22.Nc7 Qf8
23.Nxa8 Qxa8 24.Rc7 Bd8 25.Qb3+ Kh8 26.Rc3 Bc6 27.Bxd8 Qxd8 28.Qf7 Qb6+ 29.Kh2 Qxb2
30.Qf8+ Ng8 31.Rcf3 Qxa2 32.R1f2 Qe6 33.Rg3 Qe7 34.Qb8 Be8 35.Rc2 Nf6 36.Rc8 Rh4
37.Rc7 Qf8 38.Qd8 Rf4 39.Qe7 Qxe7 40.Rxe7  1-0

[Event "Eu Blitz Ch"]
[Site "Panormo GRE"]
[Date "2002.10.02"]
[Round "9"]
[White "Roiz,M"]
[Black "Nielsen,PH"]
[Result "0-1"]
[WhiteElo "2512"]
[BlackElo "2620"]

1.d4 Nf6 2.c4 d6 3.Nc3 e5 4.d5 Be7 5.e4 O-O 6.Bd3 c6 7.Nge2 Nh5 8.O-O Bg5
9.b4 a5 10.dxc6 axb4 11.c7 Qxc7 12.Bxg5 bxc3 13.Nxc3 Nf4 14.Bxf4 exf4 15.Nd5 Qc5
16.Nxf4 Nc6 17.Nd5 Be6 18.Qb3 Ra3 19.Qd1 Rfa8 20.Rb1 R8a7 21.Kh1 Qd4 22.Nf4 Rxa2
23.Qh5 Qe5 24.Qf3 R2a3 25.Nd5 h6 26.Qe2 Ra2 27.Qe3 Qd4 28.Qxd4 Nxd4 29.f4 R7a3
30.Nb4 Rd2 31.Rbd1 Rxd1 32.Rxd1 Rb3 33.Nd5 Bg4 34.Rd2 Nc6 35.h3 Be6 36.f5 Bxd5
37.cxd5 Ne5 38.Be2 Kf8 39.Rc2 Ke7 40.g4 Kf6 41.Kg2 Kg5 42.Rc7 Kf4 43.Rc8 Rg3+
44.Kf2 Rxh3 45.Rd8 Rh2+ 46.Ke1 Ke3 47.Bf1 Rh3  0-1

[Event "Eu Blitz Ch"]
[Site "Panormo GRE"]
[Date "2002.10.03"]
[Round "15"]
[White "Nikolaidis,I"]
[Black "Nielsen,PH"]
[Result "1/2-1/2"]
[WhiteElo "2495"]
[BlackElo "2620"]

1.d4 Nf6 2.c4 e6 3.Nf3 d5 4.Nc3 dxc4 5.e3 a6 6.Bxc4 b5 7.Bd3 c5 8.O-O Bb7
9.Qe2 Nbd7 10.a3 Qb8 11.dxc5 Nxc5 12.Bc2 Bd6 13.b4 Ncd7 14.h3 O-O 15.Bb2 Bxf3
16.gxf3 Rc8 17.Bb3 Ne5 18.Ne4 Nxe4 19.fxe4 Nc4 20.Bxc4 Rxc4 21.Qg4 Be5 22.Bxe5 Qxe5
23.f3 Rac8 24.Qf4 Qxf4 25.exf4 Kf8 26.Ra2 Ke7 27.Kg2 Rc3 28.a4 R8c7 29.axb5 axb5
30.Ra5 Rb7 31.Rfa1 Rb3 32.Ra7 Rxa7 33.Rxa7+ Kf6 34.Rb7 Rxb4 35.Kg3 Rb1 36.h4 h5
37.Kg2 Rb2+ 38.Kg3 b4 39.Rc7 b3 40.Rb7 Rb1 41.Kg2 Kg6 42.Kh2 f6 43.Kg2 Kh7
44.Rb8 Kh6 45.Rb6 Rb2+ 46.Kg3 Kg6 47.Rb7 Kh7 48.Rb8 e5 49.f5 g6 50.fxg6+ Kxg6
51.Rb7 Rb1 52.Kg2 Kh6 53.Kh2 Kg6 54.Kg2 f5 55.Rb6+ Kf7 56.exf5 Rb2+ 57.Kg3 Rb1
58.Kg2 Ke7 59.Kg3 Kd7 60.Kg2 Ke7 61.Kh2 Kf7  1/2-1/2

[Event "Eu Blitz Ch"]
[Site "Panormo GRE"]
[Date "2002.10.03"]
[Round "15"]
[White "Nielsen,PH"]
[Black "Nikolaidis,I"]
[Result "0-1"]
[WhiteElo "2620"]
[BlackElo "2495"]

1.Nf3 g6 2.d4 Bg7 3.c4 d6 4.Nc3 f5 5.g3 Nh6 6.Bg2 O-O 7.h4 Nf7 8.d5 h6 9.Nd4 Ne5
10.O-O Nxc4 11.e4 Ne5 12.f4 Ng4 13.exf5 gxf5 14.Ne6 Bxe6 15.dxe6 c6 16.Qe2 Na6
17.Kh1 Nc5 18.Bd2 Rf6 19.b4 Nxe6 20.b5 d5 21.bxc6 bxc6 22.Rab1 Rb8 23.Rxb8 Qxb8
24.Re1 Qb6 25.Rb1 Qc5 26.Nd1 Qd6 27.Ne3 Nxe3 28.Bxe3 Nc5 29.Qc2 Ne4 30.Kh2 d4
31.Qc4+ Re6 32.Bxe4 fxe4 33.Bxd4 Qd5 34.Qxd5 cxd5 35.Bxa7 Ra6 36.Bc5 Rxa2+
37.Kh3 d4 38.Kg4 Kf7 39.Rb7 Bf6 40.Rd7 e3 41.Bxd4 Rd2 42.Bxf6 Kxf6 43.Ra7 e2
44.Ra6+ e6 45.f5 e1=Q 46.Rxe6+ Qxe6 47.fxe6 Kxe6 48.Kh5 Kf6 49.Kxh6 Rg2  0-1

[Event "Eu Blitz Ch"]
[Site "Panormo GRE"]
[Date "2002.10.03"]
[Round "18"]
[White "Nielsen,PH"]
[Black "Golod,V"]
[Result "0-1"]
[WhiteElo "2620"]
[BlackElo "2523"]

1.d4 Nf6 2.Nf3 e6 3.c4 d5 4.Nc3 c5 5.cxd5 Nxd5 6.g3 Nc6 7.Bg2 cxd4 8.Nxd4 Nxc3
9.bxc3 Nxd4 10.Qxd4 Qxd4 11.cxd4 Bb4+ 12.Bd2 Bxd2+ 13.Kxd2 Kd8 14.Rhc1 Re8
15.Rc5 Re7 16.Rac1 Rb8 17.g4 h6 18.Rh5 Bd7 19.h4 b6 20.g5 hxg5 21.hxg5 g6
22.Rh8+ Re8 23.Rh7 Re7 24.Ke3 Rc8 25.Rxc8+ Kxc8 26.Kf4 Kc7 27.Ke5 f6+ 28.Kxf6 Rxh7
29.Kxg6 Rh2 30.Bf3 Rxf2 31.Kg7 Bc6 32.Bh5 Rh2 33.Bf7 Rxe2 34.g6 Be4 35.Kf6 Bxg6  0-1

[Event "Eu Blitz Ch"]
[Site "Panormo GRE"]
[Date "2002.10.03"]
[Round "18"]
[White "Golod,V"]
[Black "Nielsen,PH"]
[Result "1/2-1/2"]
[WhiteElo "2523"]
[BlackElo "2620"]

1.d4 Nf6 2.c4 d6 3.Nf3 Nbd7 4.Nc3 e5 5.e4 Be7 6.Be2 c6 7.O-O a6 8.Nh4 g6
9.Bh6 Bf8 10.Bxf8 Kxf8 11.Nf3 Kg7 12.Re1 Qe7 13.Bf1 Rd8 14.Qd2 Nf8 15.h3 a5
16.Rad1 Ne6 17.Qe3 Qc7 18.dxe5 dxe5 19.Rxd8 Nxd8 20.Qc5 Nd7 21.Qe7 Ne6 22.Rd1 a4
23.Rd6 Ndc5 24.Qxc7 Nxc7 25.Nxe5 a3 26.b3 Nxb3 27.axb3 a2 28.Nxa2 Rxa2 29.Rd8 Be6
30.Rb8 Ra7 31.Nd3 Na6 32.Rd8 b5 33.cxb5 cxb5 34.Nf4 Bxb3 35.Bxb5 Nc5 36.f3 Ne6
37.Nxe6+ Bxe6 38.h4 h5 39.Kh2 Rb7 40.Bd3 Rc7 41.Kg3 Bc4 42.Bxc4 Rxc4 43.Kf4 Rc2
44.g3 Rf2 45.Rd7 Kf8 46.Ra7 Kg7 47.g4 hxg4 48.Kxg4 Kf6 49.Ra6+ Kg7 50.Ra5 Rf1
51.h5 gxh5+ 52.Rxh5 Kg6 53.Rg5+ Kf6 54.Ra5 Kg6 55.Kf4 f6 56.Ra8 Kf7 57.Kg4 Rb1
58.f4 Rb5 59.Rd8 f5+ 60.exf5 Rb1 61.Rd7+ Kf6 62.Rd6+ Kf7 63.f6 Rb5 64.Ra6 Rc5
65.f5 Rc1 66.Kf4 Rf1+ 67.Ke4 Re1+ 68.Kf4 Rf1+ 69.Ke4  1/2-1/2

[Event "Olympiad"]
[Site "Bled SLO"]
[Date "2002.10.30"]
[Round "5"]
[White "Torre,E"]
[Black "Nielsen,PH"]
[Result "1-0"]
[WhiteElo "2523"]
[BlackElo "2620"]

1.d4 d5 2.Bg5 f6 3.Bf4 c5 4.Bxb8 Rxb8 5.Nc3 e6 6.e3 a6 7.Bd3 f5 8.g4 Nf6
9.gxf5 c4 10.Bf1 exf5 11.Bg2 Bb4 12.Ne2 Be6 13.O-O O-O 14.a3 Ba5 15.b4 Bc7
16.f4 b5 17.Ng3 a5 18.Nce2 Qe7 19.Qd2 Bd6 20.c3 Rfe8 21.Kh1 Bd7 22.Rf3 Ra8
23.Rc1 Ra6 24.Ng1 axb4 25.axb4 Rea8 26.Rff1 Ra2 27.Rc2 Rxc2 28.Qxc2 g6 29.Qd2 Re8
30.Rf3 Ng4 31.Nf1 Ra8 32.h3 Nf6 33.Ng3 Bc6 34.Rf1 Re8 35.Rf3 Bd7 36.Qa2 Bc6
37.Qa6 Qc7 38.Qa2 Kf8 39.Qd2 Qe7 40.Qc1 Kg7 41.Qe1 h6 42.Qc1 Ra8 43.Rf1 Ne4
44.Qe1 Ra1 45.Nxf5+ gxf5 46.Qxa1 Ng3+ 47.Kh2 Nxf1+ 48.Qxf1 Qxe3 49.Ne2 Kf6
50.Qf3 Qxf3 51.Bxf3 Ke6 52.Bh5 Be7 53.Kg3 Bf6 54.Ng1 Ke7 55.Bg6 Bd7 56.Nf3 Kf8
57.Ne5 Be6 58.Nf3 Bd7 59.Ne1 Kg7 60.Bh5 Kf8 61.Nc2 Be6 62.Ne3 Ke7 63.Bg6 Bg7
64.Bxf5 Bf7 65.Bc8 Bf8 66.Ba6  1-0

[Event "11th Sigeman & Co"]
[Site "Malmoe SWE"]
[Date "2003.04.30"]
[Round "2"]
[White "Nielsen,PH"]
[Black "Sutovsky,E"]
[Result "1/2-1/2"]
[WhiteElo "2625"]
[BlackElo "2652"]

1.d4 Nf6 2.c4 g6 3.g3 Bg7 4.Bg2 d5 5.cxd5 Nxd5 6.e4 Nb6 7.Ne2 c5 8.d5 e6
9.O-O O-O 10.Nbc3 Na6 11.Nf4 e5 12.Nd3 c4 13.Ne1 Bd7 14.Be3 Rc8 15.Nf3 Nc5
16.Qe2 Qe7 17.Nd2 f5 18.Nf3  1/2-1/2

[Event "11th Sigeman & Co"]
[Site "Malmoe SWE"]
[Date "2003.05.01"]
[Round "3"]
[White "Lindberg,Be"]
[Black "Nielsen,PH"]
[Result "0-1"]
[WhiteElo "2392"]
[BlackElo "2625"]

1.e4 c5 2.Nf3 d6 3.d4 cxd4 4.Nxd4 Nf6 5.Nc3 a6 6.Be2 e6 7.O-O Be7 8.f4 O-O
9.a4 Qc7 10.Kh1 b6 11.Bf3 Bb7 12.g4 d5 13.exd5 exd5 14.Be3 Bc5 15.Nf5 Rd8
16.g5 Ne4 17.Bd4 Bf8 18.Be5 Qd7 19.Nxe4 dxe4 20.Bg2 Qc8 21.Qg4 Nc6 22.Bc3 Nd4
23.Bxd4 Rxd4 24.Ne3 Qxg4 25.Nxg4 Rd2 26.Rac1 Rad8 27.Ne3 b5 28.axb5 axb5
29.Rfe1 Bc5 30.Nf1 Rf2 31.c3 g6 32.b4 Bb6 33.Rcd1 Ra8 34.Ra1 Rc8 35.Ng3 Rxc3
36.Bxe4  0-1

[Event "11th Sigeman & Co"]
[Site "Malmoe SWE"]
[Date "2003.05.03"]
[Round "5"]
[White "Hansen,Cu"]
[Black "Nielsen,PH"]
[Result "1/2-1/2"]
[WhiteElo "2610"]
[BlackElo "2625"]

1.c4 Nf6 2.Nc3 c5 3.g3 g6 4.Bg2 Bg7 5.b3 O-O 6.Bb2 Nc6 7.d3 b6 8.Nh3 Bb7
9.Nf4 d6 10.Qd2 Rb8 11.O-O Nd4 12.Ncd5 e6 13.e3 exd5 14.exd4 dxc4 15.dxc4 Bxg2
16.Kxg2 d5 17.dxc5 dxc4  1/2-1/2

[Event "4th IECC"]
[Site "Istanbul TUR"]
[Date "2003.05.31"]
[Round "2"]
[White "Nataf,IA"]
[Black "Nielsen,PH"]
[Result "1/2-1/2"]
[WhiteElo "2559"]
[BlackElo "2625"]

1.e4 c6 2.d4 d5 3.f3 e6 4.Nc3 Nf6 5.e5 Nfd7 6.Nce2 c5 7.c3 cxd4 8.cxd4 f6
9.f4 fxe5 10.fxe5 Qh4+ 11.Ng3 Bb4+ 12.Kf2 O-O+ 13.Nf3 Nc6 14.Be3 Ba5 15.Kg1 Rxf3
16.gxf3 Bb6 17.f4 g5 18.Qh5 Qxh5 19.Nxh5 gxf4 20.Nxf4 Ndxe5 21.Bh3 Nxd4 22.Kf2 Nc4
23.Bxd4 Bxd4+ 24.Ke2 Kf7 25.Raf1 Ke7 26.b3 Nd6 27.Rc1 Bb6 28.Rhf1 Bd7 29.a4 Rg8
30.Rf3 Ne4 31.Rcf1 Kd6 32.Rc1 Rg5 33.Rd1 Bg1 34.Nxd5 exd5 35.Bxd7 Kxd7 36.h4 Rg2+
37.Kf1 Rd2 38.Rd3 Rxd1+ 39.Rxd1 Bc5 40.Rxd5+ Ke6 41.Rd8 Be7 42.Rb8 Nd6 43.Rh8 Bxh4
44.Rxh7 Bf6 45.Ke2 Kd5 46.Kd3 Kc5 47.Rh5+ Kb4 48.Rd5 Be7 49.Kc2 Ka3 50.Re5 Bd8
51.Rd5 Bc7 52.Rc5 Bb8 53.Rd5 b6 54.Rh5 Nb7 55.Rh8 Bd6 56.Rh7 Na5 57.Rxa7 Nxb3
58.Rd7 Nd4+ 59.Kd3 Bc5 60.Kc4 Nc6 61.Kb5 Nd4+ 62.Rxd4 Bxd4 63.a5 bxa5 64.Kxa5  1/2-1/2